| 000 | 00581nam a2200205 i 4500 | ||
|---|---|---|---|
| 001 | 105913 | ||
| 003 | ES-MaACL | ||
| 007 | t| | ||
| 008 | 060912s1957 fr ||||1| fre d | ||
| 080 | _a821.133.1-14"19" | ||
| 100 | 1 |
_aPrévert, Jacques. _993809 |
|
| 245 | 1 | 0 |
_aParoles / _cJacques Prévert. |
| 260 |
_a[Paris] : _bLe Point du Jour, _c[1957] |
||
| 300 |
_a244 p. ; _c17 cm. |
||
| 490 | 1 |
_aLe Livre de poche ; _v239 |
|
| 500 | _aBiblioteca Juan Andrade. | ||
| 830 | 0 | 3 |
_aLe livre de poche _v239 _9179656 |
| 852 |
_aES-MaACL _jAND-944 _bR.110232 |
||
| 999 |
_c105913 _d105913 |
||